000 00518nam a2200169 a 4500
001 4678
003 CO-ViMGA
008 141112s2004 ck r 000 u spa d
040 _aCO-ViMGA
_bspa
_cCO-ViMGA
082 0 4 _a928.6 F835
245 1 0 _aCarlos fuentes :
_bpremio de literatura en lengua castellana "miguel de cervantes", 1987
260 _aBarcelona :
_bAnthropos,
_c1988
300 _a157 p : il
490 _aAmbitos literarios/premios cervantes, 13
650 1 4 _aFUENTES, CARLOS 1928
_955675
942 _2ddc
_cBK
999 _c16688
_d16688